Powiaty w Śląskim - Statystyki

Ogólne statystyki
  • Ten quiz został rozwiązany 50 razy
    48 od ostatniego zresetowania
  • Średni wynik to 26 z 36
Statystyki odpowiedzi
Powiaty % Poprawnych
Katowice
98%
Częstochowa
93%
Chorzów
89%
Rybnik
89%
Gliwice
87%
Sosnowiec
87%
Tychy
84%
Zabrze
84%
Bytom
82%
częstochowski
78%
Ruda Śląska
78%
żywiecki
78%
cieszyński
76%
Dąbrowa Górnicza
76%
Jastrzębie-Zdrój
73%
Świętochłowice
73%
Żory
73%
bielski
71%
Bielsko-Biała
71%
Jaworzno
71%
będziński
69%
gliwicki
69%
Mysłowice
69%
Piekary Śląskie
67%
raciborski
67%
wodzisławski
67%
pszczyński
64%
myszkowski
62%
rybnicki
62%
mikołowski
60%
Siemianowice Śląskie
60%
lubliniecki
58%
zawierciański
56%
bieruńsko-lędziński
51%
kłobucki
51%
tarnogórski
51%
Nie znaleziono quizów pasujących do podanych kryteriów
Rozkład punktacji
Procent ludzi z każdym wynikiem
Percentyl według liczby udzielonych odpowiedzi
Twoja historia wyników
Nie rozwiązałeś tego quizu od ostatniego zresetowania